000 00305nam a2200145Ia 4500
100 _aMillman/J/ Grabel/A
250 _a2
942 _cBK
654 _amicroelectronics
245 _aMicroelectronics
260 _bMc Graw Hill
_aNew Jersey
_c1987
300 _a1001
546 _aENGLISH
999 _c28073
_d28073